00697cam a2200193 4500008004100000020001500041035001200056100002900068245011600097250001100213260004400224300002400268500002100292504003300313506001300346650006100359650005100420650003200471051128s1995 nyu 000 0 eng u a0312120818 aa4506171 aWilliams, Raymond Leslie14aThe postmodern novel in Latin America :bpolitics, culture, and the crisis of truth /cRaymond Leslie Williams. a1a ed. aNew York :bSt. Martin's Press, c1995. ax, 150 p. ;c22 cm. aIncluye índice aBibliografía: p. [141]-146 aPifi 3.1 4aNovela hispanoamericana ySiglo XX x Historia y critica 4aPostmodernismo (Literatura) zAmérica Latina 4aPolítica en la literatura